000 01469nam a2200325 i 4500
001 000033832
003 DO-SdBNP
005 20260321073642.0
007 ta
008 110913s1992 dr ac 000 0 spa d
040 _aDO-SdBNP
_bspa
_cBNPHU
_erda
082 4 _a355.033573
_bB742pe, 1992
_222
100 1 _a Bosch, Juan,
_d1909-2001
_eautor
_976555
245 1 0 _aEl pentagonismo :
_bSustituto del imperialismo /
_cJuan Bosch.
250 _a2a ed.
264 1 _aSanto Domingo :
_bAlfa & Omega ,
_c1992.
300 _a173 páginas :
_bilustraciones, retratos ;
_c21 cm.
336 _2rdacontent
_atexto
_btxt
337 _2rdamedia
_asin mediación
_bn
338 _2rdacarrier
_avolumen
_bnc
504 _aIncluye referencias bibliográficas y notas al pie de las páginas
505 0 _tPrefacio --
_tQué es el pentagonismo
_tEl nacimiento del pentagonismo --
_tExpansión del pentagonismo --
_tLa sociedad pentagonizada --
_tPolítica y pentagonismo --
_tDoctrina y moral del pensamiento --
_tEl pentagonismo y América Latina --
_tEl pentagonismo hacia el poder total --
_tApéndice al prefacio --
_tApéndice I --
_tApéndice II --
_tApéndice III.
590 _aInventariado, 2018/ YL
650 0 _aImperialismo
_91499
651 4 _aEstados Unidos
_xPolítica militar
_91496
651 4 _aEstados Unidos
_xSeguridad nacional
_91497
651 4 _aEstados Unidos
_xRelaciones exteriores
_91498
910 _aYLockward/ Validado. Control de calidad MFF
942 _2ddc
_cLBS1
999 _c33323
_d33323